01194nam a2200241 a 450000100100000000500170001000800410002704000250006808200320009324501610012526000350028630000350032159000270035665100710038365100670045470000370052170000320055870000360059071001420062691000370076895201300080599900170093500004350020201002044822.0110316s2013 dr ad 000 0 spa d aDO-SdBNPbspacBNPHU a330.97293bA532d, 2008-200900aAnálisis del desempeño económico y social de la República Dominicana 2008 - 2009 /ccoordinadores Madaglena Lizardo, Alexis Cruz, Ángeles Calzada. aSanto Domingo :bMEPyD,c2013. a83 p. :bil., diagr. ;c28 cm. aInventariado, 2018/ YL 4aRepública DominicanaxCondiciones Económicasy2008-2009971200 4aRepública DominicanaxCondiciones Socialesy2008-200997120112aLizardo Magdalenaecoord.93860212aCruz, Alexisecoord.97120212aCalzada, Ángelesecoor.9298912aRepública Dominicana.bMinisterio de Economía, Planificación y Desarrollo. Unidad Asesora de Análisis Económico y Social971203 aValidado. Control de calidad MFF 0010718PDaPDbPDcHDd2014-03-20iLF1l0o330.97293 A532d, 2008-2009p43500-10r2020-06-25w2020-06-25yLFPDZNo se presta c42989d42989